| 000 | 00804cam a22001935a 4500 | ||
|---|---|---|---|
| 001 | L155953 | ||
| 008 | 120423s1864 xxk f 000 0 eng d | ||
| 035 | _a(Sirsi) u155953 | ||
| 041 | 0 | _aeng | |
| 100 | 1 |
_aCooke, George Wingrove _d1814-1865 |
|
| 245 | 0 | 4 |
_aThe acts for facilitating the inclosure of commons in England and Wales _bwith a treatise on the law of rights of commons in reference to these acts and on the jurisdiction of the inclosure commissioners in exchanges and partition ... with forms as settled by the commissioners |
| 250 | _a4th ed. | ||
| 260 |
_aLondon _bV. & R. Stevens and Haynes _c1864 |
||
| 300 |
_axxvii, 592 p. _bforms _c20 cm. |
||
| 583 |
_aCondition reviewed _c20120620 _lcondition level 1 and 2 |
||
| 651 | 4 |
_aGreat Britain _y1707- |
|
| 690 |
_aRural _96268 |
||
| 942 | _n0 | ||
| 999 |
_c113940 _d113940 |
||